00305pab a2200121 454500008004000000100002000040245004100060260000900101300001200110362000800122650003400130773001900164180718b2002 xxu||||| |||| 00| 0 eng d aKumar, Y. Ashok aTransparency in the voluntary sector c2002 ap.34-35 aFeb aNongovernmental organizations aSocial Welfare